<?xml version="1.0" encoding="UTF-8"?>
<record
    xmlns:xsi="http://www.w3.org/2001/XMLSchema-instance"
    xsi:schemaLocation="http://www.loc.gov/MARC21/slim http://www.loc.gov/standards/marcxml/schema/MARC21slim.xsd"
    xmlns="http://www.loc.gov/MARC21/slim">

  <leader>00917nam a22001817a 4500</leader>
  <controlfield tag="005">20250404124236.0</controlfield>
  <datafield tag="010" ind1=" " ind2=" ">
    <subfield code="a">HIN-1129622</subfield>
  </datafield>
  <datafield tag="020" ind1=" " ind2=" ">
    <subfield code="a">9788171248445</subfield>
    <subfield code="c">300.00</subfield>
  </datafield>
  <datafield tag="035" ind1=" " ind2=" ">
    <subfield code="a">HN-101968</subfield>
  </datafield>
  <datafield tag="037" ind1=" " ind2=" ">
    <subfield code="b">DBAD</subfield>
  </datafield>
  <datafield tag="082" ind1=" " ind2=" ">
    <subfield code="a">921</subfield>
  </datafield>
  <datafield tag="100" ind1=" " ind2=" ">
    <subfield code="a">&#x936;&#x94D;&#x930;&#x940;&#x935;&#x93E;&#x938;&#x94D;&#x924;&#x935;,&#x938;&#x926;&#x94D;&#x917;&#x941;&#x930;&#x941;&#x92A;&#x94D;&#x930;&#x938;&#x93E;&#x926;</subfield>
    <subfield code="9">80313</subfield>
  </datafield>
  <datafield tag="245" ind1=" " ind2=" ">
    <subfield code="a">&#x936;&#x93F;&#x935;&#x938;&#x94D;&#x935;&#x930;&#x941;&#x92A; &#x92C;&#x93E;&#x92C;&#x93E; &#x939;&#x948;&#x921;&#x93E;&#x916;&#x93E;&#x928;/</subfield>
    <subfield code="c">&#x938;&#x926;&#x94D;&#x917;&#x941;&#x930;&#x941;&#x92A;&#x94D;&#x930;&#x938;&#x93E;&#x926; &#x936;&#x94D;&#x930;&#x940;&#x935;&#x93E;&#x938;&#x94D;&#x924;&#x935;</subfield>
    <subfield code="h">&#x939;&#x93F;&#x928;&#x94D;&#x926;&#x940;</subfield>
  </datafield>
  <datafield tag="260" ind1=" " ind2=" ">
    <subfield code="a">&#x935;&#x93E;&#x930;&#x93E;&#x923;&#x938;&#x940;</subfield>
    <subfield code="b">&#x935;&#x93F;&#x936;&#x94D;&#x935;&#x935;&#x93F;&#x926;&#x94D;&#x92F;&#x93E;&#x932;&#x92F; &#x92A;&#x94D;&#x930;&#x915;&#x93E;&#x936;&#x928;</subfield>
    <subfield code="c">2023</subfield>
  </datafield>
  <datafield tag="270" ind1=" " ind2=" ">
    <subfield code="a">&#x935;&#x93F;&#x936;&#x93E;&#x932;&#x93E;&#x915;&#x94D;&#x937;&#x940;  &#x92D;&#x935;&#x928;, &#x91A;&#x94C;&#x915;,</subfield>
    <subfield code="b">&#x935;&#x93E;&#x930;&#x93E;&#x923;&#x938;&#x940; (&#x909;.&#x92A;&#x94D;&#x930;.)</subfield>
    <subfield code="e">221001</subfield>
    <subfield code="k">915422413741</subfield>
    <subfield code="l">2413082</subfield>
    <subfield code="m">sales@vvpbooks.com</subfield>
  </datafield>
  <datafield tag="300" ind1=" " ind2=" ">
    <subfield code="a">110&#x92A;&#x943;.</subfield>
    <subfield code="c">22&#x938;&#x947;&#x92E;&#x940; (&#x938;&#x91C;&#x93F;&#x932;&#x94D;&#x926; )</subfield>
  </datafield>
  <datafield tag="942" ind1=" " ind2=" ">
    <subfield code="2">ddc</subfield>
    <subfield code="c">HN</subfield>
    <subfield code="h">921</subfield>
    <subfield code="m">&#x936;&#x94D;&#x930;&#x940;&#x935;&#x93E;&#x938;&#x94D;&#x924;&#x935;</subfield>
    <subfield code="e">&#x92A;&#x94D;&#x930;&#x925;&#x92E;</subfield>
  </datafield>
  <datafield tag="999" ind1=" " ind2=" ">
    <subfield code="c">210811</subfield>
    <subfield code="d">210811</subfield>
  </datafield>
  <datafield tag="952" ind1=" " ind2=" ">
    <subfield code="0">0</subfield>
    <subfield code="1">0</subfield>
    <subfield code="4">0</subfield>
    <subfield code="7">0</subfield>
    <subfield code="a">BL1</subfield>
    <subfield code="b">BL1</subfield>
    <subfield code="d">2025-04-04</subfield>
    <subfield code="e">DBAD</subfield>
    <subfield code="g">300.00</subfield>
    <subfield code="l">0</subfield>
    <subfield code="o">921 &#x936;&#x94D;&#x930;&#x940;&#x935;&#x93E;&#x938;&#x94D;&#x924;&#x935;</subfield>
    <subfield code="p">HN-101968</subfield>
    <subfield code="r">2025-04-04 00:00:00</subfield>
    <subfield code="t">1</subfield>
    <subfield code="v">300.00</subfield>
    <subfield code="w">2025-04-04</subfield>
    <subfield code="y">HN</subfield>
  </datafield>
</record>
